000 00689nam a2200193Ia 4500
003 GCL
005 20240530094730.0
008 140319s9999 xx 000 0 ara d
020 _a9241305977
040 _aGCL /
_cGCL
082 0 4 _a953.08
_bق/ش ت
100 1 _aشوقى عبدالقوى عثمان
245 1 0 _aالتجارة بين مصر وافريقيا فى عصر المماليك /
_cشوقى عبدالقوى عثمان
260 _aالقاهرة :
_bالمجلس الاعلى للثقافة ،
_c2000
300 _a161 ص ؛
_c22 سم
650 0 4 _aدولة المماليك
650 0 4 _aمصر - تاريخ - عصر المماليك ( 1250-1517 م )
942 _2ddc
_cBK
999 _c578
_d578